000 01024nam a22002297a 4500
003 MN-UlNLM
005 20220913172243.0
008 190612t2019 mp ||||| |||| 00| 0 mon d
020 _a978-99973-2-329-3
040 _aМонгол Улсын Үндэсний номын сан
084 _2NNA
_a76.01
_bМ 695
_q7
245 1 _aМонголын шилдэг нийтлэл
_cЕрөн. ред. Т.Баасансүрэн
_cЗөвл. Л.Түдэв ба бус
_b99 боть
260 1 _aУБ
_bМөнхийн үсэг
_c2019
300 _a412х
490 _aСүхбаатар аймаг. Талын түрлэг бүлгэмийн сэтгүүлчдийн бүтээлийн цоморлиг
_vБ. 99
500 _aСүхбаатар аймгийн сэтгүүлчдийн "Талын түрлэг" бүлгэмийн сэтгүүлчдийн нийтлэлүүд
546 _aMongolia
653 _aСоёл, шинжлэх ухаан, боловсрол
856 _aprintbook
942 _cBK
999 _c103517
_d103574